01850nam a2200265Ia 4500001000600000003000900006008004100015040001300056040001300069041001300082100001600095100002900111240004900140240003500189245005700224245005700281250001100338260001100349260001600360260004900376300005700425500102800482650004301510650003101553G7787IT-RoPAU130308s9999 xx 000 0 und d aIT-RoPAU cIT-RoPAU aITALIANO aLevy Pierre gCodice Aut. SPICS: 31720 aCYBERCULTURE. RAPPORT AU CONSEIL DE L'EUROPE gCodice Tit. Orig. Spics: G9641 aCybercultura. Gli usi sociali delle nuove tecnologie bCybercultura. Gli Usi Sociali delle nuove Tecnologie a3a ed. aMILANO bFeltrinelli c2001 [1° Ed.:1999 - Ed.Ling.Originale:1997] a"256 p. (prefazione: no ; testo: 256 [pagine: 0-0])" a"Definizioni: le tecnologie Hanno un Impatto? Infrastruttura Tecnica del Virtuale: Emergere del Cyberspazio, dal Computer al Cyberspazio; Digitale o virtualizzazione dell'Informazione: Simulazioni, Scala dei mondi Virtuali; Interattività Come Problema; cyberspazio o virtualizzazione dell'Informazione: World Wide Web, Posta Elettronica, Newsgroup e Groupware, Navigazioni. Proposte: Universale senza totalità, Essenza della Cybercultura; Movimentosociale della Cybercultura; Suono della Cybercultura; Arte della Cybercultura; Nuovo Rapporto con Il Sapere; mutazioni dell'Educazione ed Economia del Sapere; Alberi di Conoscenze, Uno Strumento per L'Intelligenza Colletiva nell'Educazione e nella Formazione; Cyberspazio, Città e Democrazia Elettronica. Problemi: conflitti D'Interessi e Diversità dei Punti di Vista; Critica della Sostituzione; Critica della Dominazione; Critica della Critica; Risposte Ad Alcune Domande Poste di Frequente. Cybercultura o Tradizione Simultanea. brevi Note Sull'Autore del Volume." aSOCIOLOGIA DELLA COMUNICAZIONE SOCIALE eCodice materia Spics: 3806